| 000 | 00941nam a2200301 i 4500 | ||
|---|---|---|---|
| 003 | EG-GICUC | ||
| 005 | 20260427130915.0 | ||
| 008 | 260427s1963 -us |||fr|||| 001 0 eng d | ||
| 040 |
_aEG-GiCUC _beng _cEG-GiCUC _dEG-GiCUC _erda |
||
| 041 | 0 | _aeng | |
| 082 | 0 | 4 |
_221 _a343.3 _bHA . S |
| 092 | 0 | 4 | _221 |
| 099 | _aLaw1 10 343.3 HA . S 1963 | ||
| 100 | 1 |
_aHall, Jerome _eAuthor. |
|
| 245 | 1 | 0 |
_a1963 Supplement To Cases And Readings On Criminal Law And Procedure / _cBy Jerome Hall. |
| 264 | 1 |
_aNew York : _bThe Bobbs-merrill Company, _c1963. |
|
| 300 |
_a169 pages , _c24 cm |
||
| 336 |
_2rda content _atext |
||
| 337 |
_2rda media _aComputer |
||
| 338 |
_2rda carrier _aOnline Resource |
||
| 500 | _a Includes bibliographical references. | ||
| 500 | _a | ||
| 546 | _aText in English | ||
| 650 | 1 | _aCriminal law | |
| 856 | 4 | 0 | _uhttps://fll.law.cu.edu.eg/fulltext/bks/B10-11982.pdf |
| 905 | _a48 | ||
| 942 |
_2ddc _n0 _cBK _e21 |
||
| 999 |
_c73696 _d73696 |
||